000 00748nam a22001937a 4500
999 _c371503
_d371503
008 201127b ||||| |||| 00| 0 eng d
040 _aDE-2950
_bger
_cDE-2950
_erda
041 _ager
245 _aWasser für Tesla in Gefahr.
_bUrteil: Das Verwaltungsgericht Frankfurt (Oder) hat die Förderung in Eggersdorf für rechtswidrig erklärt. Müssen jetzt die Pumpen abgestellt werden? /
_cIna Matthes
264 _c2022
653 _aGrünheide
653 _aTesla-Fabrik
653 _aWasserversorgung
773 _dFrankfurt (Oder) Märkisches Verlags- und Druckhaus GmbH & Co KG
_tMärkische Oderzeitung
_g33. Jahrgang (2022) Nr. 55 vom 07.03.2022, S. 7
942 _cA